|
|
|
|
| LEADER |
00740cam a2200217 7i4500 |
| 001 |
0000009280 |
| 005 |
20020407090000.0 |
| 010 |
# |
# |
|a 95024199
|
| 020 |
0 |
0 |
|a 0750625945
|
| 090 |
0 |
0 |
|a TJ 810.5
|b P835 1995
|
| 100 |
1 |
0 |
|a Porges
|q (Fred).
|
| 245 |
1 |
0 |
|a HVAC engineer's handbook
|c F. Porges..
|
| 250 |
0 |
0 |
|a 10th ed..
|
| 260 |
0 |
0 |
|a Oxford
|a Boston:
|b Butterworth-Heinemann,
|c 1995..
|
| 300 |
# |
# |
|a 278 p.:
|b ill.;
|c 23 cm..
|
| 300 |
# |
# |
|a 278p.;
|c 22cm..
|
| 504 |
0 |
0 |
|a Includes bibliographical references (p. 242-245) and index.
|
| 650 |
0 |
0 |
|a Ventilation --
|x Handbooks, manuals, etc.
|
| 650 |
0 |
0 |
|a Air conditioning --
|x Handbooks, manuals, etc.
|
| 650 |
0 |
0 |
|a Heating --
|x Handbooks, manuals, etc.
|
| 999 |
|
|
|a 1000384533
|b Book
|c Open Shelf
|e KOLEKSI TERBUKA
|